<?xml version="1.0" encoding="UTF-8"?>
<record
    xmlns:xsi="http://www.w3.org/2001/XMLSchema-instance"
    xsi:schemaLocation="http://www.loc.gov/MARC21/slim http://www.loc.gov/standards/marcxml/schema/MARC21slim.xsd"
    xmlns="http://www.loc.gov/MARC21/slim">

  <leader>00395nam a2200145Ia 4500</leader>
  <controlfield tag="008">230411s9999    xx            000 0 und d</controlfield>
  <datafield tag="020" ind1=" " ind2=" ">
    <subfield code="a">978-93-88178-53-2</subfield>
  </datafield>
  <datafield tag="041" ind1=" " ind2=" ">
    <subfield code="a">eng</subfield>
  </datafield>
  <datafield tag="082" ind1=" " ind2=" ">
    <subfield code="a">PH/615.1/GUL/B09391</subfield>
  </datafield>
  <datafield tag="100" ind1=" " ind2=" ">
    <subfield code="a">Gulati Yogesh</subfield>
    <subfield code="9">180088</subfield>
  </datafield>
  <datafield tag="245" ind1=" " ind2=" ">
    <subfield code="a">CBS Nursing Drug Guide</subfield>
  </datafield>
  <datafield tag="260" ind1=" " ind2=" ">
    <subfield code="b">CBS Publishers &amp; Distributors</subfield>
    <subfield code="a">New Delhi</subfield>
    <subfield code="c">2020</subfield>
  </datafield>
  <datafield tag="300" ind1=" " ind2=" ">
    <subfield code="a">1647p</subfield>
  </datafield>
  <datafield tag="999" ind1=" " ind2=" ">
    <subfield code="c">158540</subfield>
    <subfield code="d">158540</subfield>
  </datafield>
  <datafield tag="952" ind1=" " ind2=" ">
    <subfield code="0">0</subfield>
    <subfield code="1">0</subfield>
    <subfield code="4">0</subfield>
    <subfield code="7">0</subfield>
    <subfield code="8">PH</subfield>
    <subfield code="a">BTIN</subfield>
    <subfield code="b">BTIN</subfield>
    <subfield code="d">2020-09-14</subfield>
    <subfield code="e">S.K.Kothari,Pune.</subfield>
    <subfield code="g">999.00</subfield>
    <subfield code="i">4752</subfield>
    <subfield code="j">2</subfield>
    <subfield code="l">11</subfield>
    <subfield code="m">6</subfield>
    <subfield code="o">PH 615.1 GUL B09391</subfield>
    <subfield code="p">BTIN-BK-9391</subfield>
    <subfield code="r">2025-04-18 00:00:00</subfield>
    <subfield code="s">2025-02-17</subfield>
    <subfield code="v">679.32</subfield>
    <subfield code="w">2021-11-30</subfield>
    <subfield code="y">BK</subfield>
    <subfield code="z">B09391</subfield>
  </datafield>
  <datafield tag="952" ind1=" " ind2=" ">
    <subfield code="0">0</subfield>
    <subfield code="1">0</subfield>
    <subfield code="4">0</subfield>
    <subfield code="7">0</subfield>
    <subfield code="8">PH</subfield>
    <subfield code="a">BTIN</subfield>
    <subfield code="b">BTIN</subfield>
    <subfield code="d">2022-01-21</subfield>
    <subfield code="e">Patil Medical Book House</subfield>
    <subfield code="g">1050.00</subfield>
    <subfield code="i">4752</subfield>
    <subfield code="l">7</subfield>
    <subfield code="m">3</subfield>
    <subfield code="o">PH 615.1 GUL B09692</subfield>
    <subfield code="p">BTIN-BK-9692</subfield>
    <subfield code="r">2024-09-23 00:00:00</subfield>
    <subfield code="s">2024-09-13</subfield>
    <subfield code="v">682.50</subfield>
    <subfield code="w">2021-11-30</subfield>
    <subfield code="y">BK</subfield>
    <subfield code="z">B09692</subfield>
  </datafield>
  <datafield tag="952" ind1=" " ind2=" ">
    <subfield code="0">0</subfield>
    <subfield code="1">0</subfield>
    <subfield code="4">0</subfield>
    <subfield code="7">3</subfield>
    <subfield code="8">PH</subfield>
    <subfield code="a">BTIN</subfield>
    <subfield code="b">BTIN</subfield>
    <subfield code="d">2022-01-21</subfield>
    <subfield code="e">Patil Medical Book House</subfield>
    <subfield code="g">1050.00</subfield>
    <subfield code="i">4752</subfield>
    <subfield code="o">PH 615.1 GUL B09694</subfield>
    <subfield code="p">BTIN-BK-9694</subfield>
    <subfield code="r">2023-04-11 00:00:00</subfield>
    <subfield code="v">682.50</subfield>
    <subfield code="w">2021-11-30</subfield>
    <subfield code="y">BK</subfield>
    <subfield code="z">B09694</subfield>
  </datafield>
</record>
